[Event "It \"]
[Site "masterchessopen.com – Pardubice (Czech Republic)"]
[Date "2008.07.12"]
[Round "2"]
[White "Shishkin Vladimir (RUS)"]
[Black "Pozzo Sebastian (ENG)"]
[Result "1-0"]
[WhiteElo "2186"]
[BlackElo "1960"]

1.d4 Nf6 2.c4 e6 3.Nc3 Bb4 4.f3 c5 5.d5 b5 6.e4 bxc4 7.Bxc4 exd5 8.Bxd5 Nxd5
9.Qxd5 Nc6 10.Ne2 Ba6 11.Kf2 Rc8 12.Bf4 Ne7 13.Qd2 Qb6 14.Rhd1 Bb5 15.a3 Ba5
16.Bd6 Bxe2 17.Qxe2 c4+ 18.Kf1 Rc6 19.Nd5 Qb3 20.Bxe7 Rh6 21.h3 Rg8 22.Rac1 c3
23.bxc3 {#r} 1-0

[Event "Ch Austria"]
[Site "masterchessopen.com – Leoben (Austria)"]
[Date "2008.07.24"]
[Round "6"]
[White "Wiedermann Daniel (AUT)"]
[Black "Hoelzl Franz (AUT)"]
[Result "0-1"]
[WhiteElo "2161"]
[BlackElo "2356"]

1.d4 Nf6 2.c4 e6 3.Nc3 Bb4 4.f3 d5 5.a3 Bd6 6.e4 c5 7.dxc5 Bxc5 8.cxd5 exd5
9.e5 Nfd7 10.Qxd5 O-O 11.Bc4 Bxg1 12.Rxg1 Qh4+ 13.g3 Qxh2 14.Ne2 Nb6 15.Qe4
Nxc4 16.Qxc4 Nc6 17.Qe4 Qh5 18.f4 Bf5 19.Qg2 Bg4 20.Be3 Rad8 21.Rh1 Qg6 22.Nc3
Rd3 23.Qg1 Rxc3 24.bxc3 Qd3 {#R} 0-1

[Event "Cup Baltic Sea (open)"]
[Site "masterchessopen.com – Bornholm (Denmark)"]
[Date "2008.07.30"]
[Round "2"]
[White "Khenkin Igor (GER)"]
[Black "Nielsen Nicholas (DEN)"]
[Result "1-0"]
[WhiteElo "2647"]
[BlackElo "2197"]

1.d4 Nf6 2.c4 e6 3.Nc3 Bb4 4.f3 c5 5.d5 Nh5 6.Nh3 Qh4+ 7.Nf2 Qxc4 8.e4 Bxc3+
9.bxc3 Qxc3+ 10.Bd2 Qd4 11.Qc1 Nf6 12.Bc3 Qa4 13.Rb1 Na6 14.Bb5 Qxa2 15.Ra1
Qb3 16.Rb1 Qa2 17.O-O Rg8 18.Ng4 Nb4 19.Bxf6 b6 20.Qf4 a6 21.Qd6 gxf6 22.Bxd7+
Bxd7 23.Nxf6+ Kd8 24.Qxd7# 1-0

[Event "It (open)"]
[Site "masterchessopen.com – Palma de Majorca (Spain)"]
[Date "2008.12.06"]
[Round "1"]
[White "Villalonga Coll Jaime (ESP)"]
[Black "Belezky Sasha (UKR)"]
[Result "0-1"]
[WhiteElo "2062"]
[BlackElo "2466"]

1.d4 Nf6 2.c4 e6 3.Nc3 Bb4 4.f3 d5 5.a3 Be7 6.e4 dxe4 7.fxe4 e5 8.d5 Bc5 9.Bg5
h6 10.Bh4 Nbd7 11.Be2 c6 12.Nh3 a5 13.Bf2 Qb6 14.Na4 Bxf2+ 15.Nxf2 Qa7 16.dxc6
bxc6 17.Qd6 Qxf2+ {#R} 0-1

[Event "Ch Greece (juniors) (under 18)"]
[Site "masterchessopen.com – Greece"]
[Date "2009.01.04"]
[Round "4"]
[White "Liodakis Konstantinos (GRE)"]
[Black "Homatidis Panagiotis (GRE)"]
[Result "0-1"]
[WhiteElo "1894"]
[BlackElo "2123"]

1.d4 Nf6 2.c4 e6 3.Nc3 Bb4 4.f3 c5 5.d5 Nh5 6.g3 d6 7.e4 exd5 8.cxd5 f5 9.Bg2
O-O 10.Be3 fxe4 11.fxe4 Nf6 12.Ne2 Ng4 13.Qd2 Nd7 14.Bf4 Nde5 15.O-O c4
16.Bxe5 dxe5 17.Bf3 Qb6+ 18.Kg2 Ne3+ 19.Kh1 Nxf1 20.Rxf1 Bh3 {#R} 0-1

[Event "It (open) \"]
[Site "masterchessopen.com – Schwabisch Gmund (Germany)"]
[Date "2009.01.04"]
[Round "5"]
[White "Grill Bernd (GER)"]
[Black "Philippe Christophe (FRA)"]
[Result "0-1"]
[WhiteElo "2201"]
[BlackElo "2428"]

1.d4 Nf6 2.c4 e6 3.Nc3 Bb4 4.f3 O-O 5.e4 d5 6.e5 Nfd7 7.cxd5 exd5 8.f4 c5
9.Nf3 cxd4 10.Nxd4 Nxe5 11.fxe5 Qh4+ 12.Ke2 Bc5 13.Be3 Bg4+ 14.Nf3 d4 15.Bg1
Nd7 16.Ne4 d3+ 17.Qxd3 Nxe5 18.Qd5 Bxg1 19.h3 Bxf3+ 20.gxf3 Ng6 21.Qg5 Qxg5
22.Nxg5 Bd4 23.Kd2 Bxb2 24.Rb1 Be5 {#R} 0-1

[Event "It (cat.3)"]
[Site "masterchessopen.com – Ramos Mejia (Argentina)"]
[Date "2009.03.20"]
[Round "9"]
[White "Guerrero Alvaro (URU)"]
[Black "Quiroga Facundo (ARG)"]
[Result "0-1"]
[WhiteElo "2257"]
[BlackElo "2329"]

1.d4 Nf6 2.c4 e6 3.Nc3 Bb4 4.f3 d5 5.a3 Be7 6.e4 dxe4 7.fxe4 e5 8.d5 Bc5 9.Bg5
h6 10.Bh4 Bd4 11.Qc2 c5 12.Be2 Nbd7 13.Nh3 Nf8 14.O-O-O Ng6 15.Bxf6 Qxf6
16.Rhf1 Qh4 17.Kb1 O-O 18.Rd3 Bd7 19.g4 a6 20.Rg3 Rab8 21.Ng1 Qxh2 22.Rh3 Qg2
23.Bf3 Qxf1+ {#R} 0-1

[Event "It (open)"]
[Site "masterchessopen.com – Las Palmas (Spain)"]
[Date "2009.04.05"]
[Round "1"]
[White "Garcia Rodriguez Sara (ESP)"]
[Black "Ramirez Victor (ARG)"]
[Result "1-0"]
[WhiteElo "1851"]
[BlackElo "2113"]

1.d4 Nf6 2.c4 e6 3.Nc3 Bb4 4.f3 c5 5.d5 d6 6.e4 e5 7.Ne2 a6 8.Ng3 O-O 9.Bd3
Nbd7 10.O-O Rb8 11.Rb1 Re8 12.f4 exf4 13.Bxf4 Ne5 14.Bg5 Ned7 15.Nh5 Re5
16.Nxf6+ Nxf6 17.Bh4 h6 18.Qf3 Bg4 19.Bxf6 {#r} 1-0

[Event "Ch Bulgaria (seniors)"]
[Site "masterchessopen.com – Sofia (Bulgaria)"]
[Date "2009.05.14"]
[Round "7"]
[White "Janakiev Ivan (BUL)"]
[Black "Nenov Radoslav (BUL)"]
[Result "1-0"]
[WhiteElo "2232"]
[BlackElo "2086"]

1.d4 Nf6 2.c4 e6 3.Nc3 Bb4 4.f3 c5 5.d5 d6 6.e4 e5 7.Qc2 a6 8.Bd3 Bd7 9.a4 Qa5
10.Bd2 h6 11.Nge2 O-O 12.O-O Qd8 13.Kh1 g5 14.Rf2 Kg7 15.g3 Nh7 16.f4 f6
17.Ng1 Qc8 18.Be2 Bg4 19.Bxg4 Qxg4 20.Nd1 {#r} 1-0

[Event "Extraliga (w)"]
[Site "masterchessopen.com – Frydek-Mistek (Czech Republic)"]
[Date "2009.05.15"]
[Round "4"]
[White "Edes Zsofia (SVK)"]
[Black "Blazkova Petra (CZE)"]
[Result "0-1"]
[WhiteElo "1924"]
[BlackElo "2182"]

1.d4 Nf6 2.c4 e6 3.Nc3 Bb4 4.f3 c5 5.d5 d6 6.e4 Nh5 7.Nh3 O-O 8.Nf2 exd5
9.cxd5 f5 10.Bd3 f4 11.Qe2 Nd7 12.Bd2 Ne5 13.a3 Ba5 14.O-O-O a6 15.Rdg1 b5
16.g3 fxg3 17.hxg3 Rxf3 18.Rxh5 Rxf2 19.Qe3 Rf3 20.Qe2 Rxd3 21.Qh2 Rxd2
22.Qxd2 Nf3 {#R} 0-1

[Event "Ch Russia (w)"]
[Site "masterchessopen.com – Voronezh (Russia)"]
[Date "2009.06.04"]
[Round "4"]
[White "Ubiennykh Ekaterina (RUS)"]
[Black "Turova Irina (RUS)"]
[Result "0-1"]
[WhiteElo "2270"]
[BlackElo "2387"]

1.d4 Nf6 2.c4 e6 3.Nc3 Bb4 4.f3 d5 5.a3 Be7 6.e4 dxe4 7.fxe4 e5 8.d5 Bc5 9.Nf3
Ng4 10.Na4 Nd7 11.Nxc5 Nxc5 12.Bd3 f5 13.Qe2 O-O 14.O-O Qd6 15.h3 fxe4 16.hxg4
exd3 17.Qd1 Bxg4 18.b4 e4 19.bxc5 Qxc5+ 20.Rf2 Rae8 21.Ra2 exf3 22.Kh2 Re2
{#R} 0-1

[Event "Ch Greece (team)"]
[Site "masterchessopen.com – Kallithea (Greece)"]
[Date "2009.07.05"]
[Round "3"]
[White "Filippas Sebastian (GRE)"]
[Black "Balokas Dimitrios (GRE)"]
[Result "0-1"]
[WhiteElo "2224"]
[BlackElo "1922"]

1.d4 Nf6 2.c4 e6 3.Nc3 Bb4 4.f3 c5 5.d5 Bxc3+ 6.bxc3 Qa5 7.e4 d6 8.Ne2 exd5
9.cxd5 Nbd7 10.Ng3 Qxc3+ 11.Bd2 Qe5 12.Be2 Nh5 13.f4 Nxf4 14.O-O Nxe2+ 15.Qxe2
Nf6 16.Rac1 O-O 17.Bc3 Bg4 18.Qe3 Nxd5 19.Qxc5 Nxc3 20.Qxc3 Qxc3 21.Rxc3 Be6
22.Rf2 Rac8 23.Rxc8 Rxc8 24.Rd2 Kf8 {#R} 0-1

[Event "It (open)"]
[Site "masterchessopen.com – Vlissingen (Netherlands)"]
[Date "2009.08.07"]
[Round "8"]
[White "Khairullin Ildar (RUS)"]
[Black "Karthikeyan P (IND)"]
[Result "1-0"]
[WhiteElo "2602"]
[BlackElo "2478"]

1.d4 Nf6 2.c4 e6 3.Nc3 Bb4 4.f3 c5 5.d5 O-O 6.e4 d6 7.Ne2 b5 8.Nf4 exd5 9.Nxd5
Nxd5 10.Qxd5 Qb6 11.Bf4 Rd8 12.Bg5 Re8 13.Rd1 Bb7 14.Qxd6 Nc6 15.a3 Re6 16.Qd2
Bxc3 17.bxc3 Ne5 18.cxb5 f5 19.Bd8 {#r} 1-0

[Event "It (open)"]
[Site "masterchessopen.com – Latschach (Austria)"]
[Date "2009.08.09"]
[Round "3"]
[White "Wiedermann Daniel (AUT)"]
[Black "Turov Maxim (RUS)"]
[Result "0-1"]
[WhiteElo "2151"]
[BlackElo "2561"]

1.d4 Nf6 2.c4 e6 3.Nc3 Bb4 4.f3 d5 5.a3 Be7 6.e4 dxe4 7.fxe4 e5 8.d5 Bc5 9.Nf3
Bg4 10.Be2 Nbd7 11.b4 Bxf3 12.Bxf3 Bd4 13.Bd2 a5 14.Rb1 axb4 15.axb4 Bxc3
16.Bxc3 Nxe4 {#R} 0-1

[Event "It (open)"]
[Site "masterchessopen.com – Paracin (Serbia)"]
[Date "2009.08.24"]
[Round "7"]
[White "Grujic Nebojsa (SRB)"]
[Black "Petrovski Igor (MKD)"]
[Result "1-0"]
[WhiteElo "2214"]
[BlackElo "1972"]

1.d4 Nf6 2.c4 e6 3.Nc3 Bb4 4.f3 c5 5.d5 b5 6.e4 bxc4 7.Bxc4 Nxd5 8.Bxd5 exd5
9.Qxd5 Nc6 10.Ne2 Ba6 11.Kf2 O-O 12.Rd1 Ba5 13.Qg5 Qb8 14.Ng3 Bd8 15.Qh5 Bf6
16.Qxc5 Nb4 17.Qd6 Be5 18.Qxd7 Nc2 19.Nd5 Nxa1 20.f4 Bxb2 21.Qg4 Bxc1 22.Nf5
Qb2+ 23.Kg1 {#r} 1-0

[Event "It (open)"]
[Site "masterchessopen.com – Vadso (Norway)"]
[Date "2009.08.28"]
[Round "1"]
[White "Remman Frank (NOR)"]
[Black "Tsjembajev Evgenij"]
[Result "0-1"]
[WhiteElo "1909"]
[BlackElo "2186"]

1.d4 Nf6 2.c4 e6 3.Nc3 Bb4 4.f3 c5 5.d5 Bxc3+ 6.bxc3 Qa5 7.Bd2 d6 8.e4 O-O
9.Bd3 Nbd7 10.f4 Re8 11.dxe6 Rxe6 12.Qf3 Nxe4 13.Ne2 Ndf6 14.g4 Bd7 15.g5 Nxd2
16.Qxb7 Rae8 17.Kxd2 Rxe2+ {#R} 0-1

[Event "It (open)"]
[Site "masterchessopen.com – Arco (Italy)"]
[Date "2009.10.20"]
[Round "4"]
[White "Buglisi Massimo (ITA)"]
[Black "Bottesi Gianluca"]
[Result "1-0"]
[WhiteElo "1938"]
[BlackElo "1559"]

1.d4 Nf6 2.c4 e6 3.Nc3 Bb4 4.f3 c5 5.d5 exd5 6.cxd5 d6 7.e4 O-O 8.Bd3 Nbd7
9.Ne2 Ne5 10.Bc2 Qc7 11.O-O a6 12.f4 Ng6 13.e5 dxe5 14.Bxg6 fxg6 15.d6 Qc6
16.fxe5 Bg4 17.Qb3+ {#r} 1-0

[Event "Ch Ukraine (juniors) (under 14) (1/2 final)"]
[Site "masterchessopen.com – Kramatorsk (Ukraine)"]
[Date "2009.10.29"]
[Round "9"]
[White "Vatinyan Gor (UKR)"]
[Black "Linker Mikhail (UKR)"]
[Result "0-1"]
[WhiteElo "1925"]
[BlackElo "1933"]

1.d4 Nf6 2.c4 e6 3.Nc3 Bb4 4.f3 Bxc3+ 5.bxc3 d5 6.cxd5 exd5 7.Ba3 Nbd7 8.Qc2
c5 9.dxc5 Qe7 10.Qa4 O-O 11.c6 Nc5 12.cxb7 Bxb7 13.Qd4 Nd3+ 14.Qxd3 Qxa3 15.e3
Rfc8 16.Rb1 Rxc3 17.Qd2 Rxe3+ 18.Kf2 Re7 19.g3 d4 20.Rb3 Qc5 21.Rb5 Qd6 22.Bh3
Bxf3 {#R} 0-1

[Event "It (open)"]
[Site "masterchessopen.com – Bad Wiessee (Germany)"]
[Date "2009.11.02"]
[Round "3"]
[White "Schrems Hermann (GER)"]
[Black "Kraai Jesse (USA)"]
[Result "0-1"]
[WhiteElo "2174"]
[BlackElo "2498"]

1.d4 Nf6 2.c4 e6 3.Nc3 Bb4 4.f3 O-O 5.Nh3 d5 6.a3 Be7 7.cxd5 exd5 8.Nf2 c5
9.e3 Nc6 10.Bd3 cxd4 11.exd4 Nxd4 12.Bxh7+ Nxh7 13.Qxd4 Bf6 14.Qd3 Re8+ 15.Kd1
Bxc3 16.bxc3 Qb6 17.Rf1 Bd7 18.Rb1 Ba4+ 19.Kd2 Qh6+ {#R} 0-1

[Event "It (open) (active)"]
[Site "masterchessopen.com – Benidorm (Spain)"]
[Date "2009.12.08"]
[Round "10"]
[White "Moskalenko Viktor (UKR)"]
[Black "Gelashvili Tamaz (GEO)"]
[Result "1-0"]
[WhiteElo "2558"]
[BlackElo "2605"]

1.d4 Nf6 2.c4 e6 3.Nc3 Bb4 4.f3 c5 5.d5 exd5 6.cxd5 d6 7.e4 O-O 8.Bd3 Nbd7
9.Ne2 Ne5 10.Bc2 Bd7 11.O-O Re8 12.f4 Ng6 13.Ng3 c4 14.Be3 Qa5 15.Bd4 Bc5
16.Kh1 Ng4 17.Qd2 Qb6 18.Bxc5 Qxc5 {#r} 1-0

[Event "It (open) \"]
[Site "masterchessopen.com – Caleta (England)"]
[Date "2010.02.03"]
[Round "9"]
[White "Cafolla Peter (IRL)"]
[Black "Winkler Stefan (GER)"]
[Result "1-0"]
[WhiteElo "2088"]
[BlackElo "1869"]

1.d4 Nf6 2.c4 e6 3.Nc3 Bb4 4.f3 d5 5.a3 Bxc3+ 6.bxc3 Nc6 7.Bg5 h6 8.Bh4 g5
9.Bf2 Qd7 10.e3 Na5 11.h4 g4 12.fxg4 Ne4 13.Qc2 Rg8 14.Nf3 f6 15.g5 hxg5
16.hxg5 fxg5 17.Ne5 Qd8 18.Bd3 Nxc4 19.Nxc4 Nxf2 20.Bg6+ {#r} 1-0

[Event "Memorial Dautov (open)"]
[Site "masterchessopen.com – Ufa (Russia)"]
[Date "2010.04.10"]
[Round "8"]
[White "Mustaev Rafail (RUS)"]
[Black "Gumashjan Gegam (RUS)"]
[Result "0-1"]
[WhiteElo "1744"]
[BlackElo "1652"]

1.d4 Nf6 2.c4 e6 3.Nc3 Bb4 4.f3 h6 5.e4 d5 6.cxd5 exd5 7.e5 Qe7 8.Ne2 Bf5
9.exf6 gxf6 10.a3 Bxc3+ 11.bxc3 Nc6 12.Kf2 O-O 13.Ng3 Bg6 14.Bb5 Nb8 15.Re1
Qd6 16.Kg1 h5 17.Bd3 Rd8 18.Ne2 h4 19.Bf4 {#R} 0-1

[Event "Ch England (team) 2009/10"]
[Site "masterchessopen.com – England"]
[Date "2010.05.03"]
[Round "11"]
[White "Palliser Richard (ENG)"]
[Black "Adams Michael (ENG)"]
[Result "0-1"]
[WhiteElo "2445"]
[BlackElo "2728"]

1.d4 Nf6 2.c4 e6 3.Nc3 Bb4 4.f3 d5 5.a3 Bd6 6.e4 c5 7.cxd5 cxd4 8.Qxd4 exd5
9.Nxd5 Nxd5 10.Qxd5 O-O 11.Be3 Qc7 12.Ne2 Rd8 13.Rc1 Nc6 14.Qg5 Be5 15.Bf4 f6
16.Bxe5 Qa5+ 17.b4 Nxe5 18.Qe3 Qb6 19.Qxb6 Nd3+ 20.Kd2 axb6 21.Rc3 Nf2+ 22.Ke1
Nxh1 23.Nf4 Kf8 24.Nd5 Rd6 {#R} 0-1

[Event "Ch Greece (juniors) (under 16)"]
[Site "masterchessopen.com – Kallithea (Greece)"]
[Date "2010.06.29"]
[Round "6"]
[White "Anagnostopoulos Konstantinos (GRE)"]
[Black "Fragkos Vasilios (GRE)"]
[Result "0-1"]
[WhiteElo "1889"]
[BlackElo "1975"]

1.d4 Nf6 2.c4 e6 3.Nc3 Bb4 4.f3 c5 5.d5 Nh5 6.Nh3 Qh4+ 7.Nf2 Qxc4 8.e4 Bxc3+
9.bxc3 Qxc3+ 10.Bd2 Qa3 11.e5 g6 12.g4 Ng7 13.Ne4 O-O 14.Nf6+ Kh8 15.h4 Ne8
16.h5 Nxf6 17.exf6 exd5 18.Be2 g5 19.Qc2 d6 20.Bxg5 Nc6 21.Bh6 Re8 22.Bg7+ Kg8
23.Rd1 Qxf3 24.Rf1 Qg3+ {#R} 0-1

[Event "Tournament \"]
[Site "masterchessopen.com – Moscow (Russia)"]
[Date "2010.07.10"]
[Round "4"]
[White "Krivenko Sergey (RUS)"]
[Black "Ulko Jaroslav (RUS)"]
[Result "0-1"]
[WhiteElo "2300"]
[BlackElo "2451"]

1.d4 Nf6 2.c4 e6 3.Nc3 Bb4 4.f3 c5 5.d5 d6 6.Bd2 O-O 7.e4 exd5 8.cxd5 Nh5 9.g3
f5 10.f4 Qe8 11.Bg2 fxe4 12.Nge2 e3 13.Bc1 Nf6 14.a3 Ba5 15.h3 Ne4 16.Qb3 Nf2
17.Rh2 b5 18.Kf1 a6 19.Na2 c4 20.Qxe3 Nd3 21.b4 Nxc1 22.Qxc1 Bb6 23.Nac3 Bf5
{#R} 0-1

[Event "Ch Netherlands (open) (juniors) (under 20)"]
[Site "masterchessopen.com – Enschede (Netherlands)"]
[Date "2010.08.10"]
[Round "4"]
[White "Goudriaan Etienne (NED)"]
[Black "Mostertman Milan (NED)"]
[Result "1-0"]
[WhiteElo "2253"]
[BlackElo "2209"]

1.d4 Nf6 2.c4 e6 3.Nc3 Bb4 4.f3 c5 5.d5 Nh5 6.g3 d6 7.Bd2 O-O 8.e4 f5 9.exf5
exf5 10.Bd3 f4 11.Nge2 fxg3 12.hxg3 Rxf3 13.Be4 Qf6 14.Qc2 Nxg3 15.Nxg3 Rxg3
16.Bxh7+ Kf7 17.O-O-O g6 18.Rdf1 Bf5 19.Ne4 Rg2 20.Rxf5 Bxd2+ 21.Qxd2 gxf5
22.Qxg2 fxe4 23.Rf1 {#r} 1-0

[Event "Olympiad"]
[Site "masterchessopen.com – Khanty Mansyisk (Russia)"]
[Date "2010.09.22"]
[Round "2"]
[White "Montalvo Alejandro (PUR)"]
[Black "Eichab Charles (NAM)"]
[Result "1-0"]
[WhiteElo "2250"]
[BlackElo "2046"]

1.d4 Nf6 2.c4 e6 3.Nc3 Bb4 4.f3 Bxc3+ 5.bxc3 d6 6.e4 e5 7.Bd3 Nbd7 8.Ne2 c5
9.O-O Qe7 10.f4 Kd8 11.fxe5 dxe5 12.Ng3 h6 13.Nf5 Qf8 14.dxe5 Nxe5 15.Bc2+ Kc7
16.Bf4 Nd7 17.Qd5 f6 18.Rad1 Rb8 19.Ba4 {#r} 1-0

[Event "Tournament (Elo)"]
[Site "masterchessopen.com – Saratov (Russia)"]
[Date "2010.10.12"]
[Round "2"]
[White "Dvoryadkin Maksim (RUS)"]
[Black "Kahramanov Bahtijar (RUS)"]
[Result "0-1"]
[WhiteElo "1898"]
[BlackElo "1999"]

1.d4 Nf6 2.c4 e6 3.Nc3 Bb4 4.f3 c5 5.e3 O-O 6.Bd3 Nc6 7.Ne2 cxd4 8.exd4 d5
9.O-O dxc4 10.Bxc4 Qb6 11.Be3 Rd8 12.Qc1 e5 13.dxe5 Bc5 14.Kf2 Nxe5 15.b3
Bxe3+ 16.Qxe3 Neg4+ {#R} 0-1

[Event "Tournament \"]
[Site "masterchessopen.com – St. Petersburg (Russia)"]
[Date "2010.10.18"]
[Round "3"]
[White "Tkachev Ivan (RUS)"]
[Black "Pimenov Revolt (RUS)"]
[Result "0-1"]
[WhiteElo "2010"]
[BlackElo "2156"]

1.d4 e6 2.c4 Nf6 3.Nc3 Bb4 4.f3 d5 5.Qb3 c5 6.e3 Nc6 7.a3 Ba5 8.Ne2 e5 9.cxd5
Nxd5 10.dxc5 O-O 11.Bd2 Be6 12.Qc2 Ndb4 13.axb4 Nxb4 {#R} 0-1

[Event "It (open)"]
[Site "masterchessopen.com – London (England)"]
[Date "2010.12.11"]
[Round "4"]
[White "Summerscale Aaron (ENG)"]
[Black "Osborne Marcus E (ENG)"]
[Result "1-0"]
[WhiteElo "2419"]
[BlackElo "2242"]

1.d4 Nf6 2.c4 e6 3.Nc3 Bb4 4.f3 d5 5.a3 Bd6 6.Bg5 h6 7.Bh4 c5 8.cxd5 cxd4
9.Qxd4 Nc6 10.Qd2 Na5 11.Rd1 Nc4 12.Qc1 Qb6 13.e4 exd5 14.Bxf6 Bxh2 15.Bh4
Nxb2 16.Bb5+ Kf8 17.Qxb2 Bxg1 18.Nxd5 Qa5+ 19.Qb4+ {#r} 1-0

[Event "Ch Europe (active)"]
[Site "masterchessopen.com – Warsaw (Poland)"]
[Date "2010.12.18"]
[Round "4"]
[White "Sieciechowicz Marcin (POL)"]
[Black "Moiseenko Alexander (UKR)"]
[Result "0-1"]
[WhiteElo "2443"]
[BlackElo "2658"]

1.d4 Nf6 2.c4 e6 3.Nc3 Bb4 4.f3 d5 5.a3 Be7 6.e4 dxe4 7.fxe4 e5 8.d5 Bc5 9.Nf3
Bg4 10.Qa4+ Nbd7 11.Nxe5 O-O 12.Nxd7 Bxd7 13.Qc2 Ng4 14.Be2 Qh4+ 15.g3 Bf2+
16.Kd2 Bxg3 17.hxg3 Qxh1 18.Qd3 f5 19.Kc2 fxe4 20.Nxe4 Rae8 {#R} 0-1

[Event "Tournament \"]
[Site "masterchessopen.com – Athens (Greece)"]
[Date "2010.12.29"]
[Round "6"]
[White "Zivas Konstantinos (GRE)"]
[Black "Papasimakopoulos Alexandros (GRE)"]
[Result "0-1"]
[WhiteElo "1838"]
[BlackElo "1851"]

1.d4 Nf6 2.c4 e6 3.Nc3 Bb4 4.f3 b6 5.e4 c5 6.a3 Bxc3+ 7.bxc3 Nc6 8.d5 Ne5
9.Nh3 d6 10.Nf2 O-O 11.f4 Ng6 12.Bd3 b5 13.O-O bxc4 14.Bxc4 exd5 15.exd5 Qa5
16.Qf3 Qa4 17.Ba2 Ba6 18.Re1 Bc4 19.Bxc4 Qxc4 20.Ne4 Nxe4 21.Qxe4 Qxc3 22.Rb1
Rab8 23.Rxb8 Rxb8 {#R} 0-1

[Event "It (cat.1)"]
[Site "masterchessopen.com – Rio de Janeiro (Brazil)"]
[Date "2011.01.21"]
[Round "7"]
[White "Cramling Dan (SWE)"]
[Black "Mascarenhas Alberto (BRA)"]
[Result "1-0"]
[WhiteElo "2392"]
[BlackElo "2260"]

1.d4 Nf6 2.c4 e6 3.Nc3 Bb4 4.f3 Nh5 5.Nh3 f5 6.e4 fxe4 7.fxe4 Qh4+ 8.Nf2 O-O
9.Be3 g6 10.g3 Qe7 11.Be2 Ng7 12.O-O Bxc3 13.bxc3 d6 {#r} 1-0

[Event "Tournament (open)"]
[Site "masterchessopen.com – Oslo (Norway)"]
[Date "2011.04.20"]
[Round "1"]
[White "Grebstad Kjell B (NOR)"]
[Black "Djurhuus Rune (NOR)"]
[Result "0-1"]
[WhiteElo "1919"]
[BlackElo "2421"]

1.d4 Nf6 2.c4 e6 3.Nc3 Bb4 4.f3 O-O 5.e4 d6 6.Ne2 c5 7.Be3 cxd4 8.Nxd4 Nc6
9.Qb3 Qa5 10.Rc1 Bd7 11.Nxc6 Bxc6 12.a3 Bc5 13.Bxc5 Qxc5 14.Nd1 d5 15.exd5
exd5 16.Bd3 Rfe8+ 17.Kd2 dxc4 18.Bxc4 Rad8+ 19.Bd3 Qg5+ {#R} 0-1

[Event "Cup Doeberl"]
[Site "masterchessopen.com – Canberra (Australia)"]
[Date "2011.04.22"]
[Round "4"]
[White "Steadman Michael (NZL)"]
[Black "McNamara Gary (AUS)"]
[Result "1-0"]
[WhiteElo "2269"]
[BlackElo "2140"]

1.d4 Nf6 2.c4 e6 3.Nc3 Bb4 4.f3 c5 5.d5 Nh5 6.g3 f5 7.e4 fxe4 8.fxe4 g6 9.Be2
Ng7 10.Nf3 O-O 11.O-O d6 12.Bg5 Qe8 13.Nb5 Qd7 14.e5 {#r} 1-0

[Event "It \"]
[Site "masterchessopen.com – Sao Paulo (Brazil)"]
[Date "2011.04.23"]
[Round "6"]
[White "Di Berardino Diego Rafael (BRA)"]
[Black "Gazel Frederico (BRA)"]
[Result "0-1"]
[WhiteElo "2483"]
[BlackElo "2265"]

1.d4 Nf6 2.c4 e6 3.Nc3 Bb4 4.f3 Nh5 5.Nh3 f5 6.e3 O-O 7.Bd3 c5 8.d5 Qh4+ 9.Nf2
e5 10.g3 Qe7 11.Bd2 d6 12.a3 Bxc3 13.Bxc3 Nf6 14.Qe2 b5 15.e4 bxc4 16.Bxc4
fxe4 17.fxe4 Nbd7 18.a4 Nb8 19.O-O a5 20.Kg2 Qc7 21.Bxe5 Nbd7 22.Bc3 Re8
23.Rae1 Nb6 24.Ba2 Rf8 {#R} 0-1

[Event "It (open)"]
[Site "masterchessopen.com – Sydney (Australia)"]
[Date "2011.04.29"]
[Round "6"]
[White "Steadman Michael (NZL)"]
[Black "Hansen Sune Berg (DEN)"]
[Result "1-0"]
[WhiteElo "2269"]
[BlackElo "2566"]

1.d4 Nf6 2.c4 e6 3.Nc3 Bb4 4.f3 c5 5.d5 O-O 6.e4 Re8 7.Ne2 d6 8.Bd2 a6 9.Ng3
b5 10.dxe6 Bxe6 11.cxb5 d5 12.bxa6 c4 13.exd5 Bh3+ 14.Nce4 Nxd5 15.Bxb4 Nxb4
16.gxh3 Qa5 17.Kf2 N8c6 18.Bxc4 Ne5 19.Qb3 Nxc4 20.Qxc4 Rac8 21.Qb3 Rc2+
22.Ne2 Rxb2 23.Qe3 Nc2 24.Nf6+ {#r} 1-0

[Event "It (open) \"]
[Site "masterchessopen.com – Ostrava (Czech Republic)"]
[Date "2011.04.30"]
[Round "1"]
[White "Kratochvil Karel (CZE)"]
[Black "Vlcek Antonin"]
[Result "1-0"]
[WhiteElo "2198"]
[BlackElo "1957"]

1.d4 Nf6 2.c4 e6 3.Nc3 Bb4 4.f3 d5 5.Bg5 h6 6.Bh4 Nbd7 7.e3 c6 8.Bd3 dxc4
9.Bxc4 Qa5 10.Ne2 Nd5 11.Qd2 b5 12.Bb3 Bb7 13.O-O O-O 14.a3 Be7 15.Bg3 c5
16.Rfd1 c4 17.Nxd5 Qxd2 18.Nxe7+ Kh8 19.Rxd2 cxb3 20.Rc1 Nb6 21.Rc7 {#r} 1-0

[Event "Ch Canarias (juniors)"]
[Site "masterchessopen.com – Tenerife (Spain)"]
[Date "2011.06.11"]
[Round "5"]
[White "Capote Robayna Nathaniel (ESP)"]
[Black "Navarro Molina David (ESP)"]
[Result "0-1"]
[WhiteElo "1988"]
[BlackElo "2172"]

1.d4 Nf6 2.c4 e6 3.Nc3 Bb4 4.f3 O-O 5.e3 b6 6.Bd3 Bxc3+ 7.bxc3 Nc6 8.Nh3 Ba6
9.O-O Na5 10.Qe2 c5 11.Ba3 Rc8 12.Rac1 Re8 13.e4 e5 14.dxe5 Rxe5 15.f4 Re8
16.Rf3 d5 17.cxd5 Rxe4 18.Qd1 Bxd3 19.Rxd3 Nc4 20.Qb3 Qe8 21.Rf3 Nd2 {#R} 0-1

[Event "It (open)"]
[Site "masterchessopen.com – Condino (Italy)"]
[Date "2011.07.26"]
[Round "4"]
[White "De Santis Alessio (ITA)"]
[Black "Barucco Mattia (ITA)"]
[Result "1-0"]
[WhiteElo "2307"]
[BlackElo "1977"]

1.d4 Nf6 2.c4 e6 3.Nc3 Bb4 4.f3 O-O 5.e4 d6 6.Ne2 e5 7.a3 Bxc3+ 8.Nxc3 Nc6
9.d5 Ne7 10.Bg5 Ne8 11.Qd2 f6 12.Bh4 Ng6 13.Bf2 f5 14.h4 Ne7 15.O-O-O f4 16.h5
Kh8 17.Be2 Nf6 18.g3 fxg3 19.Bxg3 a6 20.h6 g6 21.f4 Nd7 22.fxe5 dxe5 23.Bg4
{#r} 1-0